[Event "23rd EYCC Open U18 2013"]
[Site "Budva MNE"]
[Date "2013.09.30"]
[Round "2.28"]
[White "Tropp,O"]
[Black "Rieger,R"]
[Result "1/2-1/2"]
[WhiteElo "2041"]
[BlackElo "2213"]

1.c4 e6 2.Nf3 d5 3.b3 Nf6 4.Bb2 Be7 5.g3 O-O 6.Bg2 Nbd7 7.O-O b6 8.e3 c6
9.Qc2 Bb7 10.d3 Rc8 11.Nbd2 Qc7 12.Rac1 Qb8 13.h3 Rfd8 14.Ne1 Nc5 15.d4 Rc7
16.Nd3  1/2-1/2

[Event "TCh-AUT 2nd Mitte 2013-14"]
[Site "Fuerstenfeld AUT"]
[Date "2013.10.05"]
[Round "2.4"]
[White "Hellmayr,A"]
[Black "Singer,C"]
[Result "0-1"]
[WhiteElo "2182"]
[BlackElo "2343"]

1.c4 e6 2.Nf3 d5 3.e3 Nf6 4.b3 Bd6 5.Bb2 O-O 6.d4 b6 7.Nbd2 Bb7 8.Be2 Nbd7
9.O-O Qe7 10.Ne5 Rfd8 11.Qc2 c5 12.Rac1 Rac8 13.Qb1 Bb8 14.f4 cxd4 15.exd4 dxc4
16.Nxd7 Rxd7 17.bxc4 Qb4 18.Bc3 Qxb1 19.Nxb1 Ne4 20.Bb2 Ba6 21.Na3 Nd6 22.Nb5 Nf5
23.g4 Ne3 24.Rf2 Bxb5 25.cxb5 Rxc1+ 26.Bxc1 Nc2 27.Bb2 Nxd4 28.Bxd4 Rxd4
29.f5 e5 30.Bf3 Bd6 31.Re2 Kf8 32.Kg2 Ke7 33.Re4 Rd2+ 34.Re2 Rd3 35.Be4 Ra3
36.Bd5 Rc3 37.Be4 Bc5 38.Bf3 Kf6 39.Bd5 Bd4 40.Bc6 Kg5 41.h3 Kh4 42.Bf3 Rc5
43.Bc6 a6 44.Be8 axb5 45.Kf3 f6 46.g5 Rc3+ 47.Ke4 fxg5 48.Bd7 b4 49.Be6 h5
50.Bd7 g4 51.hxg4 hxg4 52.Rh2+ Rh3 53.Rg2 Re3+ 54.Kd5 g3 55.Rg1 Re2  0-1

[Event "Chinese Teams 2013"]
[Site "Qingdao CHN"]
[Date "2013.10.12"]
[Round "13.4"]
[White "Ding Liren"]
[Black "Wang Chen"]
[Result "0-1"]
[WhiteElo "2718"]
[BlackElo "2492"]

1.c4 e6 2.Nf3 d5 3.g3 Nf6 4.Bg2 g6 5.d4 Bg7 6.O-O O-O 7.Nc3 Nc6 8.Ne5 Ne7
9.Qb3 c6 10.Rd1 Nf5 11.g4 Nxg4 12.Nxg4 Qh4 13.h3 h5 14.Ne5 Nxd4 15.Rxd4 Qxd4
16.Nf3 Qxc4 17.Qxc4 dxc4 18.Nd2 b6 19.Bxc6 Rb8 20.Nde4 Bb7 21.Bxb7 Rxb7 22.Bg5 f6
23.Be3 Rd7 24.f3 Rfd8 25.a4 f5 26.Nf2 Bf6 27.Kf1 Kf7 28.Ke1 g5 29.a5 b5 30.Nxb5 Bxb2
31.Rb1 c3 32.Nd3 Rxd3 33.exd3 a6 34.Nxc3 Bxc3+ 35.Ke2 f4 36.Rb7+ Kf6 37.Bc5 Rd5
38.Bf8 Bxa5 39.Bg7+ Kg6 40.Bh8 Bd8 41.Rg7+ Kh6 42.Ra7 a5 43.Bc3 Kg6 44.Rg7+ Kh6
45.Ra7 e5 46.Ra6+ Kg7 47.Kd2 Kf7 48.Kc2 Rb5 49.Ra8 Ke7 50.Ra7+ Ke6 51.Ra6+ Kd5
52.Rh6 h4 53.Rg6 Be7 54.Ra6 Bb4 55.Bb2 Bc5 56.Bc3 Bb6 57.Ra8 Kc6 58.Rc8+ Kb7
59.Rc4 Rd5 60.Re4 Bd4 61.Bxd4 exd4 62.Kb3 Kc6 63.Ka4 Kd6 64.Re8 Re5 65.Rd8+ Ke6
66.Rxd4 Re3 67.Kb5 Rxf3  0-1

[Event "Pankrac Cup 2013"]
[Site "Prague CZE"]
[Date "2013.10.15"]
[Round "6"]
[White "Plesek,J"]
[Black "Vavra,P1"]
[Result "1/2-1/2"]
[WhiteElo "2147"]
[BlackElo "2350"]

1.c4 e6 2.Nf3 d5 3.d4 c6 4.e3 f5 5.g3 Nf6 6.Bg2 Bd6 7.O-O O-O 8.b3 b5 9.Ne5 bxc4
10.bxc4 Ba6 11.Ba3 Bxa3 12.Nxa3 Nfd7 13.Nxd7 Nxd7 14.Qa4 Qc8 15.Rfc1 Nb6
16.Qa5 Bxc4 17.Nxc4 Nxc4 18.Qc5 Rb8 19.Bf1 Rb5 20.Qxa7 Ra5 21.Qe7 Rf7 22.Qb4 Rb7
23.Qe1 Ra4 24.Bxc4 dxc4 25.Qf1 Rb2 26.Rxc4 Raxa2 27.Rxa2 Rxa2 28.Qc1 Ra6
29.Rc5 Kf7 30.Qc4 g6 31.d5 Ra1+ 32.Kg2 Qa6 33.Qxa6 Rxa6 34.dxc6 Ra8 35.c7 Rc8
36.Kf3 Ke7 37.Kf4 Kd6 38.Rc2 h6 39.Rd2+ Ke7 40.Rc2 Kd6 41.Rd2+ Ke7 42.Rc2  1/2-1/2

[Event "TCh-AUT 2nd West 2013-14"]
[Site "Austria AUT"]
[Date "2013.10.18"]
[Round "1.4"]
[White "Kessler,L"]
[Black "Bezler,R"]
[Result "1-0"]
[WhiteElo "2245"]
[BlackElo "2225"]

1.c4 e6 2.Nf3 d5 3.g3 Nf6 4.Bg2 c5 5.O-O Nc6 6.d4 dxc4 7.Qa4 Bd7 8.Qxc4 b5
9.Qd3 c4 10.Qc2 Rc8 11.a4 a6 12.axb5 axb5 13.Nc3 Be7 14.Rd1 O-O 15.Ne5 Be8
16.Nxc6 Bxc6 17.Bxc6 Rxc6 18.Nxb5 Qd5 19.Nc3 Qh5 20.Kg2 Nd5 21.Bd2 f5 22.Ra5 Nf6
23.f3 Bb4 24.Qa4 Rb6 25.Ra6 Rfb8 26.Rxb6 Rxb6 27.Qa7  1-0

[Event "3rd Central Asia Cup"]
[Site "Dushanbe TJK"]
[Date "2013.10.20"]
[Round "9.9"]
[White "Maznitsin,A"]
[Black "Muminova,N"]
[Result "1/2-1/2"]
[WhiteElo "2306"]
[BlackElo "2293"]

1.c4 e6 2.Nf3 d5 3.g3 Nf6 4.Bg2 a6 5.Qc2 d4 6.O-O Nc6 7.a3 a5 8.d3 e5 9.e4 h6
10.Nbd2 Bc5 11.h3 O-O 12.Nh4 Re8 13.Nf5 Bf8 14.g4 Nd7 15.Nf3 Nc5 16.g5 Bxf5
17.exf5 e4 18.dxe4 d3 19.Qd1 Nxe4 20.gxh6 gxh6 21.Bf4 Bg7 22.Nd2 Nxd2 23.Bxd2 Re2
24.Rb1 Qh4 25.Be3 Re8 26.Qxd3 R8xe3 27.fxe3 Rxe3 28.Qxe3 Bd4 29.Qxd4 Qxd4+
30.Kh1 Qxc4 31.Rbe1 f6 32.Re4 Qb3 33.Re8+ Kf7 34.Rc8 Qg3 35.Rd1 Ne7 36.Rb8 Nxf5
37.Rxb7 Ne3 38.Rg1 Ke7 39.Rb3 f5 40.Rc3 c5 41.b4 axb4 42.axb4 cxb4 43.Rb3 Kd6
44.Rd3+ Ke5 45.Rb3 Kd6 46.Rd3+ Kc5 47.Rc1+ Kb6 48.Bf1 Nxf1 49.Rxg3 Nxg3+
50.Kg2 Ne2 51.Rb1 Kc5 52.Kf3 Nc3 53.Rxb4 Kxb4 54.Kf4 Ne4 55.Kxf5 Nf2 56.Kg6 Nxh3
57.Kxh6  1/2-1/2

[Event "29th ECC Open 2013"]
[Site "Rhodes GRE"]
[Date "2013.10.20"]
[Round "1.1"]
[White "Noe,C"]
[Black "Kovacs,Ga2"]
[Result "0-1"]
[WhiteElo "2245"]
[BlackElo "2459"]

1.c4 e6 2.Nf3 d5 3.e3 Nf6 4.b3 Be7 5.Bb2 O-O 6.Be2 b6 7.O-O Bb7 8.d3 c5 9.Nbd2 Nc6
10.a3 Rc8 11.Rc1 Qd6 12.Rc2 d4 13.exd4 cxd4 14.b4 e5 15.Re1 Nd7 16.Bf1 a6
17.Ne4 Qg6 18.Ng3 b5 19.Nd2 Nb6 20.Be2 Na4 21.Bf3 f5 22.Ba1 Bd6 23.Bd5+ Kh8
24.Nf3 Qf6 25.Rce2 Bb8 26.Nd2 Nb6 27.Nb3 Nxd5 28.cxd5 Ne7 29.f4 Nxd5 30.fxe5 Qg6
31.Nc5 Bc6 32.Bxd4 Nf4 33.e6 Nxe2+ 34.Qxe2 f4 35.e7 Rfe8 36.Nh5 Rxe7 37.Bxg7+ Rxg7
38.Nxg7 Qxg7 39.Ne6 Qf6 40.Rc1 Ba7+  0-1

[Event "29th ECC Open 2013"]
[Site "Rhodes GRE"]
[Date "2013.10.21"]
[Round "2.5"]
[White "Bartel,Mat"]
[Black "Sonntag,HH"]
[Result "1-0"]
[WhiteElo "2638"]
[BlackElo "2377"]

1.c4 e6 2.Nf3 d5 3.g3 Nf6 4.Bg2 dxc4 5.Qa4+ c6 6.Qxc4 b5 7.Qc2 Bb7 8.d4 Nbd7
9.Ne5 Qb6 10.Nxd7 Nxd7 11.Nc3 Be7 12.O-O O-O 13.a4 a6 14.a5 Qa7 15.Be3 c5
16.d5 b4 17.dxe6 Bxg2 18.Kxg2 bxc3 19.exd7 cxb2 20.Rab1 Qxd7 21.Rxb2 Rab8
22.Rxb8 Rxb8 23.Qe4 Qb7 24.Kf3 Qd7 25.Rc1 f5 26.Qc4+ Kh8 27.Kg2 Rb5 28.Qf7 Qc6+
29.Kg1 Qf6 30.Qd5 Rxa5 31.Bg5 Qxg5 32.Qa8+ Bd8 33.Rd1 Ra1 34.Rxa1 Qd2 35.Rb1  1-0

[Event "29th ECC Open 2013"]
[Site "Rhodes GRE"]
[Date "2013.10.22"]
[Round "3.25"]
[White "Noe,C"]
[Black "Young,Al"]
[Result "1-0"]
[WhiteElo "2245"]
[BlackElo "2029"]

1.c4 e6 2.Nf3 d5 3.e3 Nf6 4.b3 c5 5.Bb2 Be7 6.Be2 Nc6 7.O-O O-O 8.cxd5 exd5
9.d4 b6 10.Nc3 Bb7 11.Rc1 Rc8 12.dxc5 Bxc5 13.Nb5 a6 14.Nbd4 Nxd4 15.Nxd4 Rc7
16.Qd3 Bxd4 17.Qxd4 Rd7 18.Bd3 Re8 19.Rc2 b5 20.Rfc1 Qb8 21.Qh4 Qd6 22.Bxf6 Qxf6
23.Qxh7+ Kf8 24.Bf5 Rd6 25.Qh8+ Ke7 26.Rc7+ Kd8 27.Rc8+  1-0

[Event "29th ECC Open 2013"]
[Site "Rhodes GRE"]
[Date "2013.10.22"]
[Round "3.13"]
[White "Andersen,Mad"]
[Black "Kovacs,Ga2"]
[Result "1/2-1/2"]
[WhiteElo "2476"]
[BlackElo "2459"]

1.c4 e6 2.Nf3 d5 3.g3 dxc4 4.Qa4+ Nd7 5.Qxc4 a6 6.Bg2 b5 7.Qb3 Bb7 8.O-O Ngf6
9.Nc3 c5 10.d3 Be7 11.a4 b4 12.Nd1 a5 13.Ne3 O-O 14.Nc4 Nd5 15.Qc2 h6 16.Rd1 Qc7
17.Bd2 Rfd8 18.Rac1 Bf6 19.h4 Bc6 20.e4 N5b6 21.Nxb6 Qxb6 22.b3 Bb7 23.Be3 Rac8
24.Nd2 Bd4 25.Nc4 Qc7 26.Bf4 e5 27.Be3 Bc3 28.Bh3 Ra8 29.f4 Ba6 30.Bxd7 Rxd7
31.f5 Bxc4 32.dxc4 Bd4 33.Bxd4 exd4 34.Qd3 Re8 35.Rf1 Qc6 36.Rce1 Rde7 37.Rf4 Re5
38.Re2 Qf6 39.Kf1 Kf8 40.Ke1 Rd8 41.Kd2 Rxf5 42.exf5  1/2-1/2

[Event "8th Herbstopen"]
[Site "Deizisau GER"]
[Date "2013.10.29"]
[Round "7.6"]
[White "Dobosz,H"]
[Black "Andreev,Vlad"]
[Result "1-0"]
[WhiteElo "2368"]
[BlackElo "2046"]

1.c4 e6 2.Nf3 d5 3.g3 Nf6 4.Bg2 dxc4 5.Qa4+ Nbd7 6.Qxc4 a6 7.Qc2 c5 8.O-O Ra7
9.d3 b5 10.a4 bxa4 11.Qxa4 Bd6 12.Na3 Bb8 13.Nc4 O-O 14.Na5 Nb6 15.Qa3 Bd7
16.Qxc5 Na4 17.Qb4 Nd5 18.Qd2 Bc7 19.Nc4 Rb7 20.Qd1 Nc5 21.Bd2 Qf6 22.e4 Nb6
23.Bg5 Qg6 24.Na5 Rbb8 25.Be7 Nca4 26.Bxf8 Kxf8 27.b3 Nc5 28.Qc2  1-0

[Event "Chinese Teams 2013"]
[Site "Shijiazhuang CHN"]
[Date "2013.11.12"]
[Round "16.6"]
[White "Zhao Xue"]
[Black "Guo Qi"]
[Result "1-0"]
[WhiteElo "2565"]
[BlackElo "2451"]

1.c4 e6 2.Nf3 d5 3.g3 dxc4 4.Qa4+ Nd7 5.Bg2 a6 6.Qxc4 b5 7.Qc2 Bb7 8.O-O c5
9.a4 Ngf6 10.Nc3 Qb6 11.d3 Be7 12.Qb3 b4 13.Nb1 Bd5 14.Qc2 a5 15.Nbd2 O-O
16.b3 Rfc8 17.Bb2 Qb7 18.e4 Bc6 19.Nc4 Qa6 20.Nfd2 Ne8 21.f4 Nd6 22.Ne3 Rd8
23.g4 Bb7 24.g5 Nb8 25.Ng4 Nc6 26.Nf3 Rac8 27.Rad1 Ne8 28.Qe2 Nd4 29.Nxd4 cxd4
30.Rf3 Bf8 31.Qf2 g6 32.Rh3 Qd6 33.Nh6+ Bxh6 34.Rxh6 Ng7 35.Rh3 Nh5 36.Rf3 Qc5
37.Rd2 h6 38.gxh6 Kh7 39.Qh4 Rd7 40.Rf1 Qc7 41.f5 exf5 42.exf5 Qd8 43.fxg6+ fxg6
44.Qg4 Rc5 45.h4 Bxg2 46.Rxg2 Qe8 47.Re2 Nf6 48.Rxf6  1-0

[Event "76th ch-CRC 2013"]
[Site "San Jose CRC"]
[Date "2013.11.18"]
[Round "5.2"]
[White "Romero Holmes,A"]
[Black "Jimenez Garcia,Emmanuel"]
[Result "1-0"]
[WhiteElo "2522"]
[BlackElo "2064"]

1.c4 e6 2.Nf3 d5 3.b3 Nf6 4.Bb2 c5 5.e3 Nc6 6.cxd5 Nxd5 7.Bb5 Bd6 8.Bxc6+ bxc6
9.Na3 Ba6 10.Nc4 O-O 11.d3 Bc7 12.a3 Ba5+ 13.Ke2 Bxc4 14.dxc4 Nc3+ 15.Bxc3 Bxc3
16.Qxd8 Rfxd8 17.Rab1 a5 18.Rhd1 Rdb8 19.Ng5 Bf6 20.Ne4 a4 21.bxa4 Rc8 22.Nxc5 Be7
23.Nd7 Re8 24.Rb7 h6 25.Ne5 Bf6 26.Nxf7 Rxa4 27.Rd3 Re7 28.Rxe7 Bxe7 29.Ne5 Bxa3
30.Rd8+ Kh7 31.Re8 Bb2  1-0

[Event "TCh-SWE Elitserien 2013-14"]
[Site "Sweden SWE"]
[Date "2013.11.22"]
[Round "1.3"]
[White "Agrest,E"]
[Black "Gajic,Ml"]
[Result "1-0"]
[WhiteElo "2587"]
[BlackElo "2246"]

1.c4 e6 2.Nf3 d5 3.g3 d4 4.e3 c5 5.exd4 cxd4 6.Bg2 Nc6 7.O-O g6 8.d3 Bg7
9.Re1 Nge7 10.Bf4 f6 11.Na3 e5 12.Bd2 a5 13.Nb5 O-O 14.a3 Be6 15.b4 Qd7 16.bxa5 Nxa5
17.Bb4 Nac6 18.Bc5 Ra6 19.Nd2 Kh8 20.Nb3 Rfa8 21.Bd6 b6 22.Bxe7 Nxe7 23.N3xd4 Bg4
24.Bf3 Bxf3 25.Nxf3 Rd8 26.d4 exd4 27.Nbxd4 f5 28.Ne6  1-0

[Event "73rd ch-ITA"]
[Site "Rome ITA"]
[Date "2013.12.01"]
[Round "10.2"]
[White "Stella,A"]
[Black "Bruno,Fabi"]
[Result "1-0"]
[WhiteElo "2454"]
[BlackElo "2414"]

1.Nf3 e6 2.c4 d5 3.g3 Nf6 4.Bg2 Be7 5.O-O O-O 6.b3 c5 7.Bb2 Nc6 8.e3 a6 9.cxd5 exd5
10.d4 cxd4 11.Nxd4 Bg4 12.Nxc6 bxc6 13.Qc2 Rc8 14.Nc3 h5 15.Na4 h4 16.h3 Bh5
17.g4 Bg6 18.Qc3 Re8 19.f4 Bf8 20.f5 Bh7 21.Nc5 Qc7 22.b4 a5 23.a3 axb4 24.axb4 Nxg4
25.hxg4 h3 26.Bf3 Rb8 27.Kh1 Qg3 28.Nd7 d4 29.Qe1 Qd6 30.Nxb8 Rxe3 31.Qf2 Qf4
32.Nxc6 Bxf5 33.gxf5 Bd6 34.Bc1  1-0

[Event "9th Ugra Governor's Cup"]
[Site "Khanty-Mansiysk RUS"]
[Date "2013.12.02"]
[Round "5.20"]
[White "Sharafiev,A"]
[Black "Oparin,G"]
[Result "1/2-1/2"]
[WhiteElo "2403"]
[BlackElo "2520"]

1.c4 e6 2.Nf3 d5 3.g3 dxc4 4.Qa4+ c6 5.Qxc4 b5 6.Qc2 Bb7 7.Bg2 Nf6 8.O-O Nbd7
9.a4 a6 10.Nc3 Be7 11.d4 O-O 12.Bg5 c5 13.axb5 axb5 14.dxc5 Rxa1 15.Rxa1 Bxc5
16.e3 Qb6 17.Bxf6 Nxf6 18.Ne5 Bd6 19.Bxb7 Qxb7 20.Nd3 b4 21.Ne2 Rc8 22.Qb3 Ne4
23.Rd1 Ng5 24.h4 Nf3+ 25.Kf1 Nh2+ 26.Kg1 Nf3+ 27.Kf1 Be7 28.Nef4 Qe4 29.Ne1 Nxe1
30.Kxe1 Bf6 31.Nd3 g6 32.Qxb4 Qxb4+ 33.Nxb4 Bxb2 34.Ke2 h5 35.Nd3 Bf6 36.Nf4 Be5
37.Nd3 Bf6 38.Nf4 Be5 39.Nd3 Bf6 40.Nf4  1/2-1/2

[Event "34th El Corte Ingles"]
[Site "Las Palmas ESP"]
[Date "2013.12.03"]
[Round "2.17"]
[White "Schlittermann,W"]
[Black "Perez Guerra,Raul"]
[Result "1/2-1/2"]
[WhiteElo "1760"]
[BlackElo "1347"]

1.Nf3 e6 2.c4 d5 3.cxd5 exd5 4.d4 Bd6 5.Nc3 Nf6 6.Bg5 c6 7.a3 h6 8.Bxf6 Qxf6
9.Rc1 Bf5 10.e3 O-O 11.Be2 Nd7 12.h3 Nb6 13.Na4 Nd7 14.Bd3 Bxd3 15.Qxd3 Qg6
16.Qxg6 fxg6 17.O-O Rac8 18.Nc3 Rfe8 19.Rc2 Nb6 20.Rfc1 Nc4 21.Nd2 Nxb2 22.Rxb2 Bxa3
23.Rcb1 Bxb2 24.Rxb2 b6 25.e4 dxe4 26.Ncxe4 Red8 27.Nf3 Rd5 28.Kf1 Ra5 29.Ke2 Re8
30.Kd3 Ra3+ 31.Nc3 c5 32.dxc5 bxc5 33.Kc4 Rf8 34.Nd5 Ra4+ 35.Kc3 Ra3+ 36.Kc2 Re8
37.Ne3 Re6 38.Rb5 Rb6 39.Rxc5 Ra2+ 40.Kc3 Ra3+ 41.Kd4 Ra4+ 42.Kd5 Raa6 43.Nc4 Rf6
44.Kd4 Ra2 45.Ke3 Re6+ 46.Nfe5 Rf6 47.f4 Rxg2 48.Kf3 Rc2 49.Nd7 Rf5 50.Rc8+ Kh7
51.Nf8+ Rxf8 52.Rxf8 Rxc4 53.Ra8 Rc3+ 54.Kg2 Rc2+ 55.Kg3 Rc3+ 56.Kg2 Rc2+
57.Kf3  1/2-1/2

[Event "5th Classic Open 2013"]
[Site "London ENG"]
[Date "2013.12.07"]
[Round "1.40"]
[White "Karavade,E"]
[Black "Wood,Peter R"]
[Result "1-0"]
[WhiteElo "2380"]
[BlackElo "1970"]

1.Nf3 e6 2.c4 d5 3.g3 Nf6 4.Bg2 Be7 5.O-O O-O 6.b3 Nbd7 7.Bb2 c6 8.Nc3 b6
9.e3 Ba6 10.Qe2 Rc8 11.Rfd1 c5 12.Rac1 Qc7 13.Nb5 Qb8 14.d4 Bb7 15.cxd5 Bxd5
16.Nc3 Bb7 17.e4 cxd4 18.Nxd4 Rfd8 19.e5 Ne8 20.f4 Bxg2 21.Kxg2 Qb7+ 22.Qf3 Nc5
23.Qxb7 Nxb7 24.Ncb5 Rxc1 25.Rxc1 Bc5 26.Rd1 a6 27.Na7 Nc7 28.Nac6 Rd7 29.b4 Bf8
30.Kf3 Nb5 31.a4 Nxd4+ 32.Rxd4 Rc7 33.b5 a5 34.g4 Nc5 35.Ba3 Rc8 36.Bxc5 Bxc5
37.Rd7 g6 38.Ke4 h5 39.gxh5 gxh5 40.f5 exf5+ 41.Kxf5 Re8 42.Rd8 Rxd8 43.Nxd8 Kg7
44.e6 Bd6 45.h3 fxe6+ 46.Nxe6+ Kh6 47.Ng5 Bc5 48.Ne6 Bf2 49.Ng5 Be3 50.Nf7+ Kg7
51.Nd6 Kh6 52.Nc4 Bf2 53.Ne5 Bg3 54.Kf6 Bf4 55.Nf7+ Kh7 56.h4 Be3 57.Nd6 Bd4+
58.Kg5 Kg8 59.Kxh5 Kh7 60.Nf5 Bf6 61.Ne3 Be7 62.Nd5 Bc5 63.Kg5 Bd4 64.Kf5 Kh6
65.Ke6 Kh5 66.Kd6 Kxh4 67.Kc6 Kg5 68.Nxb6 Kf6 69.Nc4 Ke7 70.Kc7 Ke6 71.Nxa5 Kd5
72.Nc6 Bf2 73.b6 Bg3+ 74.Kb7 Kc5 75.a5  1-0

[Event "52nd TCh-DEN XtraCon 2013-14"]
[Site "Denmark DEN"]
[Date "2013.12.08"]
[Round "3.4"]
[White "Bank,P"]
[Black "Pedersen,Stef"]
[Result "1/2-1/2"]
[WhiteElo "2247"]
[BlackElo "2418"]

1.c4 e6 2.Nf3 d5 3.e3 Nf6 4.d4 a6 5.Nbd2 c5 6.dxc5 Bxc5 7.a3 Qc7 8.b4 Bd6
9.Bb2 O-O 10.Qc2 Nbd7 11.Bd3 Re8 12.g4 dxc4 13.Nxc4 e5 14.Nxd6 Qxd6 15.O-O-O Qc6
16.Qxc6 bxc6 17.Bf5 Nb6 18.Nxe5 Na4 19.Nd7 Nxd7 20.Bxd7 Bxd7 21.Rxd7 a5 22.Rb7 axb4
23.axb4 c5 24.Rd1 cxb4 25.Rxb4 Rec8+ 26.Kb1 Nxb2 27.Kxb2 h6 28.Rd7 Rab8 29.Rxb8 Rxb8+
30.Kc3 g5 31.Rd1 Ra8 32.Kd3 Ra4 33.h3 Kg7 34.Ke2 Kg6 35.Kf3 f6 36.Kg3 h5
37.gxh5+ Kxh5 38.Rd4 Ra3 39.h4 gxh4+ 40.Rxh4+ Kg5 41.Rf4 f5 42.Rb4 Rc3 43.Kg2 Ra3
44.Rb6 Rc3 45.f4+ Kh5 46.Kf3 Ra3 47.Rf6 Ra5 48.Re6 Ra2 49.Rf6 Ra5 50.Rb6 Ra2
51.Rf6  1/2-1/2

[Event "FSIM December 2013"]
[Site "Budapest HUN"]
[Date "2013.12.14"]
[Round "7.5"]
[White "Petran,Pa"]
[Black "Nguyen Thi Mai Hung"]
[Result "0-1"]
[WhiteElo "2335"]
[BlackElo "2231"]

1.c4 e6 2.Nf3 d5 3.e3 Nf6 4.Nc3 c6 5.Qc2 Bd6 6.b3 O-O 7.Bb2 Nbd7 8.Be2 a6
9.d4 Qe7 10.O-O Re8 11.Rad1 dxc4 12.bxc4 e5 13.c5 Bc7 14.dxe5 Nxe5 15.Na4 Bg4
16.Nxe5 Bxe5 17.Bxg4 Bxh2+ 18.Kxh2 Nxg4+ 19.Kg3 Qg5 20.f4 Qh5 21.Bd4 Nxe3
22.Bxe3 Rxe3+ 23.Rf3 Re7 24.Nb6 Rae8 25.Nc4 g5 26.fxg5 Re4  0-1

[Event "WYCC U16 Girls 2013"]
[Site "Al-Ain UAE"]
[Date "2013.12.20"]
[Round "3.3"]
[White "Nicolas Zapata,I"]
[Black "Zahn,Alina"]
[Result "1-0"]
[WhiteElo "2237"]
[BlackElo "1983"]

1.c4 e6 2.Nf3 d5 3.d4 Nf6 4.Nc3 Be7 5.Bg5 Nbd7 6.e3 O-O 7.Rc1 a6 8.a3 c6
9.cxd5 exd5 10.Bd3 Re8 11.O-O Nf8 12.Ne5 Ng6 13.f4 Nd7 14.Bxe7 Qxe7 15.e4 Ndxe5
16.fxe5 dxe4 17.Nxe4 Be6 18.Qh5 Qd7 19.Nd6 Rf8 20.Rc3 Bg4 21.Qg5 f6 22.Bc4+ Be6
23.Qf5 Rae8 24.Nxe8 Qxd4+ 25.Qf2 Qxf2+ 26.Rxf2 Rxe8 27.exf6 Bxc4 28.Rxc4 Re1+
29.Rf1 Rxf1+ 30.Kxf1 gxf6 31.a4 Ne5 32.Rd4 b5 33.a5 Nc4 34.b4 Ne3+ 35.Ke2 Nd5
36.Kd3 Kf7 37.Re4 f5 38.Rh4 Kg6 39.Kd4 Nxb4 40.Kc5 Nd3+ 41.Kxc6 b4 42.Rd4 Ne5+
43.Kb7 b3 44.Rb4 Nd3 45.Rb6+ Kg5 46.Kxa6 b2 47.Ka7 Kf4 48.a6 Ke3 49.Ka8 Kd2
50.a7 Kc2 51.Rxb2+  1-0

[Event "Russian Rapid Cup Final 2013"]
[Site "Khanty-Mansiysk RUS"]
[Date "2013.12.20"]
[Round "1.2"]
[White "Savchenko,B"]
[Black "Galkin,A"]
[Result "0-1"]
[WhiteElo "2602"]
[BlackElo "2615"]

1.c4 e6 2.Nf3 d5 3.d4 Nf6 4.Nc3 Be7 5.Bg5 h6 6.Bh4 O-O 7.e3 b6 8.Rc1 Bb7
9.Bxf6 Bxf6 10.cxd5 exd5 11.b4 c6 12.Qb3 a5 13.bxa5 Rxa5 14.Be2 Nd7 15.O-O Qa8
16.a4 c5 17.Bb5 cxd4 18.exd4 Rd8 19.Ne2 Nf8 20.Nf4 Qb8 21.g3 Bg5 22.Nxg5 hxg5
23.Nd3 Ne6 24.Qb2 Qd6 25.Ne5 Raa8 26.Qd2 f6 27.Ng4 Rac8 28.Rb1 Bc6 29.Ba6 Rb8
30.Rb4 Bd7 31.Rc1 Ra8 32.Bb5 Bxb5 33.axb5 Rac8 34.Rcb1 Rc4 35.Ne3 Nxd4 36.Kg2 Rxb4
37.Rxb4 Ne6 38.Nf5 Qd7 39.Nd4 Nxd4 40.Qxd4 Qd6 41.Kg1 Qc5 42.Qg4 Qc8 43.Qe2 d4
44.Qa2+ Kh8 45.Qf7 d3 46.Rb1 d2 47.Rd1 Qc2 48.Qh5+ Kg8 49.h4 gxh4 50.gxh4 Qe4
51.Kh2 Rd4 52.Kg3 Qf4+ 53.Kg2 Qe4+ 54.Kg3 Rd5 55.Qg4 Rd3+ 56.f3 Qe1+ 57.Kg2 Qe2+
58.Kg3 Rd8 59.Qa4 Qe1+ 60.Kg2 Qe2+ 61.Kg3 Qe1+ 62.Kg2 Qe2+ 63.Kg3 Rd3 64.Qg4 Qe1+
65.Kg2 Qe2+ 66.Kg3 Qxd1 67.Qc4+ Kf8 68.Qc8+ Ke7 69.Qb7+ Rd7 70.Qe4+ Kf8 71.Qa8+ Kf7
72.Qa2+ Kg6 73.Qg8 Qe1+ 74.Kf4 Rd4+  0-1

[Event "20th Zadar Open B 2013"]
[Site "Zadar CRO"]
[Date "2013.12.20"]
[Round "8.5"]
[White "Mihalinec,D"]
[Black "Mufic,Go"]
[Result "0-1"]
[WhiteElo "2230"]
[BlackElo "2263"]

1.c4 e6 2.Nf3 d5 3.g3 Nf6 4.Bg2 Be7 5.O-O O-O 6.b3 b6 7.Bb2 Bb7 8.d3 c5 9.cxd5 Nxd5
10.Nbd2 Nc6 11.Ne4 Nf6 12.Nfd2 Rb8 13.Rc1 Nd4 14.e3 Nc6 15.Qe2 Nb4 16.Nxf6+ Bxf6
17.Bxf6 Qxf6 18.Bxb7 Rxb7 19.a3 Nd5 20.e4 Nc3 21.Qe1 Nb5 22.b4 cxb4 23.axb4 Rd7
24.e5 Qf5 25.Nc4 Rxd3 26.f4 Rfd8 27.Qe2 h5 28.Rfd1 Nc3 29.Rxc3 Rxd1+ 30.Kg2 R8d3
31.Nd6 R1d2 32.Rc8+ Kh7 33.Nxf5 Rxe2+  0-1

[Event "VII Stadium Casablanca Open 2013"]
[Site "Zaragoza ESP"]
[Date "2013.12.27"]
[Round "3.3"]
[White "Strikovic,A"]
[Black "Rudolf,An"]
[Result "1-0"]
[WhiteElo "2529"]
[BlackElo "2302"]

1.c4 e6 2.Nf3 d5 3.b3 Nf6 4.Bb2 Be7 5.g3 O-O 6.Bg2 b6 7.O-O Bb7 8.e3 c5 9.Nc3 Nc6
10.cxd5 exd5 11.d4 Ne4 12.dxc5 Nxc3 13.Bxc3 bxc5 14.Qd2 Qd7 15.Qb2 Qg4 16.h3 Qg6
17.Rfd1 Rfd8 18.Ne1 d4 19.exd4 cxd4 20.Bd2 Rd7 21.Rac1 Nd8 22.Nf3 Bf6 23.Qa3 Qf5
24.Qa4 a6 25.Re1 h6 26.Rc5 Qxc5 27.Qxd7 Bc6 28.Qc7 Ra7 29.Qc8 Ra8 30.Qc7 Ra7
31.Qa5 Qxa5 32.Bxa5 Ne6 33.Rc1 Bb5 34.Rc8+ Kh7 35.Nd2 Bd7 36.Rc1 Bb5 37.a4 Be2
38.Rc6 d3 39.Bd5 Rd7 40.Be4+ g6 41.Rxa6 Bd4 42.Rc6 Bb2 43.Bc3 Nd4 44.Rc4 Bxc3
45.Rxc3 f5 46.Bg2 Bd1 47.Kh2 Bc2 48.Bf1 Ne2 49.Rc5 Nd4 50.Rc3 Ne2 51.Rc6 Nd4
52.Rb6 Re7 53.Rd6 Re2 54.Rxd4 Rxf2+ 55.Kg1 Rxd2 56.a5 Bxb3 57.Rxd3 Rb2 58.Rd7+ Kg8
59.Rb7 Ra2 60.Rxb3 Rxa5 61.Rb7 Rc5 62.Kf2 Rc3 63.Rd7 Kf8 64.Rh7 h5 65.h4 Kg8
66.Rd7 Kf8 67.Be2 Rb3 68.Bc4 Rc3 69.Bd3 Rb3 70.Ke3 Rb4 71.Rd4 Rb6 72.Kf4 Ke7
73.Kg5 Re6 74.Bb5 Rb6 75.Rd5 Ke6 76.Rc5 Ke7 77.Rc7+ Kd6 78.Rc6+  1-0

[Event "VII Stadium Casablanca Open 2013"]
[Site "Zaragoza ESP"]
[Date "2013.12.28"]
[Round "4.1"]
[White "Adla,D"]
[Black "Peralta,Fe"]
[Result "0-1"]
[WhiteElo "2486"]
[BlackElo "2600"]

1.c4 e6 2.Nf3 d5 3.e3 Nf6 4.b3 c5 5.Bb2 Nc6 6.cxd5 exd5 7.Bb5 Bd6 8.O-O O-O
9.d4 cxd4 10.exd4 Bg4 11.Bxc6 bxc6 12.Qd3 Bxf3 13.Qxf3 Ne4 14.Rc1 Qh4 15.g3 Qh6
16.Qe3 Qh5 17.Nd2 f5 18.f4 g5 19.Rxc6 gxf4 20.Qf3 Qxf3 21.Nxf3 fxg3 22.hxg3 Rac8
23.Rac1 Rxc6 24.Rxc6 Bxg3 25.Ba3 Re8 26.Ra6 Rc8 27.Bc5 Bf2+ 28.Kg2 Nxc5 29.dxc5 Bxc5
30.Rf6 Rf8 31.Rc6 Bb6 32.Rd6 Rd8 33.Rxd8+ Bxd8 34.Nd4 Kf7 35.Nxf5 Bb6 36.Kf3 Ke6
37.Ng3 Ke5 38.Ne2 Ba5 39.Nf4 Bd2 40.Nd3+ Kd4 41.Ke2 Bg5 42.Nb4 Ke4 43.Nc6 Be3
44.a4 h5  0-1